| 000 | 00345pab a2200133 454500 | ||
|---|---|---|---|
| 008 | 180718b xxu||||| |||| 00| 0 eng d | ||
| 100 | _aRamachandran Raju | ||
| 245 | _aJudging judges: no half way houses in conduct | ||
| 362 | _a19 Jul 93, p.8 | ||
| 650 | _a Judges | ||
| 650 | _aJustice, Administration of | ||
| 773 | _aStatesman | ||
| 909 | _a24973 | ||
| 999 |
_c24973 _d24973 |
||